AH International Schools' Libraries

I love you this much / (Record no. 48465)

MARC details
000 -LEADER
fixed length control field 00296nam a2200109 4500
020 ## - INTERNATIONAL STANDARD BOOK NUMBER
International Standard Book Number 9781781974711
100 ## - MAIN ENTRY--PERSONAL NAME
Personal name Buchanan, Sue,
Relator term author.
9 (RLIN) 86078
245 ## - TITLE STATEMENT
Title I love you this much /
Statement of responsibility, etc By Sue Buchanan.
260 ## - PUBLICATION, DISTRIBUTION, ETC. (IMPRINT)
Place of publication, distribution, etc Cottage Farm:
Name of publisher, distributor, etc Igloo Books Ltd.;
Date of publication, distribution, etc 2013.
300 ## - PHYSICAL DESCRIPTION
Extent unpaged.
942 ## - ADDED ENTRY ELEMENTS (KOHA)
Source of classification or shelving scheme
Koha item type Book
Holdings
Withdrawn status Lost status Source of classification or shelving scheme Damaged status Not for loan Home library Current library Date acquired Total Checkouts Full call number Barcode Date last seen Date checked out Price effective from Koha item type
          Logos International School Logos International School 02/24/2025 1 E BUC 040389 03/12/2025 03/05/2025 02/24/2025 Book

For any Logos Library related questions please contact Miss Art at swongnarasuk@asianhope.org.

For any Asian Hope Library related questions please contact Miss Raza at graza@asianhope.org.

Powered by Koha